Functional analysis and linear control theory

Salvato in:
Dettagli Bibliografici
Autore principale: Leigh, J.R
Natura: Libro
Lingua:inglese
Pubblicazione: London Academic Press 1980
Serie:Mathematics in science and engineering
Tags: Aggiungi Tag
Nessun Tag, puoi essere il primo ad aggiungerne!!

MARC

LEADER 00000nam a2200000 4500
001 c116823
005 20041019155205.7
041 0 |a eng 
044 |a GB 
245 1 0 |a Functional analysis and linear control theory  |c J.R. Leigh 
264 1 |a London  |b Academic Press  |c 1980 
300 |a 160 s. 
490 1 |a Mathematics in science and engineering 
830 0 |a Mathematics in science and engineering 
100 1 |a Leigh, J.R.